Electron microscopy of polymers / (Record no. 21487)

MARC details
000 -LEADER
fixed length control field 01156cam a22003255i 4500
001 - CONTROL NUMBER
control field 15095202
003 - CONTROL NUMBER IDENTIFIER
control field EG-ScBUE
005 - DATE AND TIME OF LATEST TRANSACTION
control field 20251221110356.0
008 - FIXED-LENGTH DATA ELEMENTS--GENERAL INFORMATION
fixed length control field 071128t2008 gw a f b 001 0 eng d
020 ## - INTERNATIONAL STANDARD BOOK NUMBER
International Standard Book Number 9783540363507 (hbk.)
040 ## - CATALOGING SOURCE
Original cataloging agency EG-ScBUE
Language of cataloging eng
Description conventions rda
Transcribing agency EG-ScBUE
Modifying agency EG-ScBUE
082 04 - DEWEY DECIMAL CLASSIFICATION NUMBER
Classification number 547.7
Edition number 22
Item number MIC
100 1# - MAIN ENTRY--PERSONAL NAME
Personal name Michler, Goerg H.
Fuller form of name (Goerg Hannes),
9 (RLIN) 39649
Relator term author.
245 10 - TITLE STATEMENT
Title Electron microscopy of polymers /
Statement of responsibility, etc Georg H. Michler, with contributions by Dr. R. Godehardt [and five others]
264 #1 - PUBLICATION, DISTRIBUTION, ETC. (IMPRINT)
Place of publication, distribution, etc Berlin :
Name of publisher, distributor, etc Springer,
Date of publication, distribution, etc [2008]
264 #4 - PUBLICATION, DISTRIBUTION, ETC. (IMPRINT)
Date of publication, distribution, etc c2008
300 ## - PHYSICAL DESCRIPTION
Extent xx, 473 pages :
Other physical details illustrations ;
Dimensions 24 cm.
336 ## - CONTENT TYPE
Source rdacontent
Content type term text
Content type code txt
337 ## - MEDIA TYPE
Media type term unmediated
Source rdamedia
Media type code n
338 ## - CARRIER TYPE
Carrier type term volume
Carrier type code nc
Source rdacarrier
490 0# - SERIES STATEMENT
Series statement Springer laboratory manuals in polymer science
504 ## - BIBLIOGRAPHY, ETC. NOTE
Bibliography, etc Includes bibliographical references and index.<br/>
650 #7 - SUBJECT ADDED ENTRY--TOPICAL TERM
Topical term or geographic name as entry element Polymers
General subdivision Optical properties.
Source of heading or term BUEsh
9 (RLIN) 39651
650 #7 - SUBJECT ADDED ENTRY--TOPICAL TERM
Topical term or geographic name as entry element Polymers
General subdivision Microscopy.
Source of heading or term BUEsh
9 (RLIN) 39650
650 #7 - SUBJECT ADDED ENTRY--TOPICAL TERM
Topical term or geographic name as entry element Electron microscopy.
Source of heading or term BUEsh
9 (RLIN) 6344
653 ## - INDEX TERM--UNCONTROLLED
Resource For college Pharmacy
Arrived date list March2016
655 ## - INDEX TERM--GENRE/FORM
Form subdivision Reading book
700 1# - ADDED ENTRY--PERSONAL NAME
Personal name Godehardt, R.,
Relator term contributor.
942 ## - ADDED ENTRY ELEMENTS (KOHA)
Source of classification or shelving scheme Dewey Decimal Classification
Koha item type Book - Borrowing
Holdings
Withdrawn status Lost status Source of classification or shelving scheme Damaged status Not for loan Collection code Home library Current library Shelving location Date acquired Source of acquisition Cost, normal purchase price Serial Enumeration / chronology Total Checkouts Full call number Barcode Date last seen Price effective from Koha item type
    Dewey Decimal Classification     Scientific home BookShop Central Library Central Library First floor 23/03/2016 Purchase 1250.00 1   547.7 MIC 000032169 15/07/2025 23/03/2016 Book - Borrowing